| 000 | 01371nam a22002895a 4500 | ||
|---|---|---|---|
| 003 | OSt | ||
| 005 | 20170418101618.0 | ||
| 008 | 170404s2015 ua frb 000 0 ara d | ||
| 020 | _a9789770477656 | ||
| 040 |
_aEG-ScBUE _bara _cEG-ScBUE |
||
| 082 | 0 | 4 |
_a345.0235 _bهـ و ن _222 |
| 100 | 1 | _aهوني، العربي محمد. | |
| 245 | 1 | 2 |
_aالمسؤولية الجنائية للقادة والرؤساء عن الانتهاكات الجسيمة ضد المدنيين زمن الحرب : _bدراسة في ضوء نظام روما الأساسي / _cالعربي محمد الهوني. |
| 250 | _aط. 1. | ||
| 260 |
_aالقاهرة : _bدار النهضة العربية، _c2015. |
||
| 300 |
_a424 ص. ؛ _c24 سم. |
||
| 500 | _aالكتاب عبارة عن رسالة ماجستير. | ||
| 504 | _aيشتمل على إرجاعات ببليوجرافية. | ||
| 650 | 7 |
_aالمسئولية الجنائية للقادة العسكريين _zإيطاليا. _2BUEsh |
|
| 650 | 7 |
_aرؤساء الجمهورية _xوضع قانوني، قوانين، إلخ. _zإيطاليا _2BUEsh |
|
| 650 | 7 |
_aالمسئولية الجنائية (قانون دولي) _2BUEsh |
|
| 650 | 7 |
_a الحرب (قانون دولي) _2BUEsh |
|
| 650 | 7 |
_aحقوق الإنسان (قانون دولي) _2BUEsh _940977 |
|
| 651 | _2BUEsh | ||
| 653 |
_bLLAAWW _cApril2017 |
||
| 942 | _2ddc | ||
| 999 |
_c24614 _d24586 |
||